| 000 | 01079nam a22003617a 4500 | ||
|---|---|---|---|
| 001 | 0028847 | ||
| 003 | KOHA_MİRAKIL | ||
| 005 | 20260207002643.0 | ||
| 007 | ta | ||
| 008 | 110324b1996 tu |||gr||||#||||0|tur | | ||
| 020 |
_a9757657856 _c0,01 |
||
| 040 |
_aTR-BiSEU _btur _cTR-BiSEU _erda |
||
| 041 | 0 | _atur | |
| 044 | _ctu | ||
| 050 |
_aQD39.3.I87 _bC43 1996 |
||
| 100 | 1 | _aCebe, Mustafa. | |
| 245 | 1 |
_aKimyada veri analizi : _buygulamalı istatistik/ _cMustafa Cebe ; Mustafa Cebe. |
|
| 264 | 1 |
_aBursa : _bUludağ Üniversitesi _c1996 |
|
| 300 | _a406 sayfa: grafik; 25 cm. | ||
| 336 |
_ametin _btxt _2rdacontent |
||
| 337 |
_aaracısız _bn _2rdamedia |
||
| 338 |
_acilt _bnc _2rdacarrier |
||
| 490 | 1 |
_aNobel yayın ; _vno. |
|
| 490 | 1 | _a882. | |
| 490 | 1 |
_aFen ve biyoloji yayınları dizisi ; _v38 |
|
| 500 | _aDizin var. | ||
| 500 | _aKaynakça var. | ||
| 650 | 0 |
_aKimya--İstatistiksel metotlar. _957134 |
|
| 830 | 1 |
_aNobel yayın ; _vno. _91510 |
|
| 830 | 1 |
_a882. _957135 |
|
| 830 | 1 |
_aFen ve biyoloji yayınları dizisi ; _v38 _97242 |
|
| 942 |
_2lcc _cBK |
||
| 999 |
_c28769 _d28769 |
||